[Event "Vojvodina-chT 2nd League"]
[Site "Stari Banovci"]
[Date "2013.11.06"]
[Round "4"]
[White "Lalic, Dragan"]
[Black "Zobenica, Ivan"]
[Result "1-0"]
[WhiteElo "2266"]
[BlackElo "2064"]
[PlyCount "127"]
[EventDate "2013.11.03"]
[EventType "team-tourn"]
[EventRounds "11"]
[EventCountry "SRB"]
[SourceTitle "EXT 2015"]
[Source "ChessBase"]
[SourceDate "2014.11.20"]
[SourceVersion "1"]
[SourceVersionDate "2014.11.20"]
[SourceQuality "1"]

1. e4 c5 2. d4 cxd4 3. c3 d3 4. Bxd3 d6 5. f4 Nf6 6. Nf3 Nc6 7. 0-0 e5 8. Kh1 Be7 9. c4 0-0 10. Nc3 h6 11. f5 a6 12. Be3 Rb8 13. a3 Bd7 14. b4 b5 15. cxb5 axb5 16. Qe2 Qc8 17. Rfc1 Qb7 18. Bf2 Rfe8 19. Bxb5 d5 20. exd5 Nd4 21. Nxd4 exd4 22. Bxd7 Qxd7 23. Bxd4 Bxb4 24. Qf3 Bxc3 25. Bxc3 Rb3 26. Qd1 Qxd5 27. Bxf6 Qxd1+ 28. Rxd1 gxf6 29. Rdb1 Rxb1+ 30. Rxb1 Ra8 31. Rb3 Ra5 32. g4 h5 33. gxh5 Rxf5 34. Rg3+ Kh7 35. Kg2 Kh6 36. Rh3 Rf4 37. Kg3 Rf1 38. Kg4 f5+ 39. Kg3 f6 40. Kg2 Re1 41. Kf2 Re4 42. Kf3 Re1 43. Kf4 Re5 44. Re3 Ra5 45. Rh3 Re5 46. Kf3 Re1 47. Kf2 Re4 48. Kg2 Re2+ 49. Kf3 Re4 50. Kf2 Re5 51. a4 Ra5 52. Ra3 Kxh5 53. Kg3 Kg5 54. Kf3 f4 55. Ke4 Kg4 56. h3+ Kg5 57. Kf3 f5 58. Ra2 Kh4 59. Ra1 Kg5 60. Ra3 Kh5 61. Kxf4 Kh4 62. Ra1 Kxh3 63. Ra2 Ra8 64. a5 1-0

[Event "Vojvodina-chT 2nd League"]
[Site "Stari Banovci"]
[Date "2013.11.05"]
[Round "2"]
[White "Lalic, Dragan"]
[Black "Arbutina, Sinisa"]
[Result "1/2-1/2"]
[WhiteElo "2266"]
[BlackElo "2280"]
[PlyCount "31"]
[EventDate "2013.11.03"]
[EventType "team-tourn"]
[EventRounds "11"]
[EventCountry "SRB"]
[SourceTitle "EXT 2015"]
[Source "ChessBase"]
[SourceDate "2014.11.20"]
[SourceVersion "1"]
[SourceVersionDate "2014.11.20"]
[SourceQuality "1"]

1. e4 e5 2. Bc4 Nc6 3. Nc3 Nf6 4. d3 h6 5. f4 Bb4 6. Nge2 d5 7. exd5 Nxd5 8. 0-0 Be6 9. Bxd5 Bxd5 10. fxe5 Nxe5 11. Nf4 Bxc3 12. bxc3 0-0 13. Qh5 f5 14. Ba3 Rf6 15. Nxd5 Qxd5 16. Kh1 1/2-1/2

[Event "Vojvodina-chT 2nd League"]
[Site "Stari Banovci"]
[Date "2013.11.04"]
[Round "1"]
[White "Kovacevic, Dragan"]
[Black "Lalic, Dragan"]
[Result "1/2-1/2"]
[WhiteElo "2236"]
[BlackElo "2266"]
[PlyCount "52"]
[EventDate "2013.11.03"]
[EventType "team-tourn"]
[EventRounds "11"]
[EventCountry "SRB"]
[SourceTitle "EXT 2015"]
[Source "ChessBase"]
[SourceDate "2014.11.20"]
[SourceVersion "1"]
[SourceVersionDate "2014.11.20"]
[SourceQuality "1"]

1. e4 d6 2. d4 Nf6 3. f3 e5 4. Be3 Be7 5. Nd2 exd4 6. Bxd4 Nc6 7. Bc3 0-0 8. Nb3 Re8 9. Ne2 d5 10. e5 Nd7 11. f4 Nc5 12. g3 Bf5 13. Bg2 Be4 14. 0-0 Bxg2 15. Kxg2 Ne4 16. Be1 Qd7 17. Nc3 Rad8 18. Qf3 f6 19. Nxe4 dxe4 20. Qxe4 fxe5 21. fxe5 Qd5 22. Qxd5+ Rxd5 23. Bc3 Nxe5 24. Rad1 Rxd1 25. Rxd1 Bd6 26. Re1 Re7 1/2-1/2

[Event "Zrenjanin"]
[Site "Zrenjanin"]
[Date "2012.12.04"]
[Round "9"]
[White "Vukic, Radivoje"]
[Black "Lalic, Dragan"]
[Result "1/2-1/2"]
[WhiteElo "2342"]
[BlackElo "2287"]
[PlyCount "31"]
[EventDate "2012.11.23"]
[EventType "tourn"]
[EventRounds "9"]
[EventCountry "SRB"]
[EventCategory "3"]
[SourceTitle "EXT 2014"]
[Source "ChessBase"]
[SourceDate "2013.11.20"]
[SourceVersion "1"]
[SourceVersionDate "2013.11.20"]
[SourceQuality "1"]

1. d4 d5 2. Nf3 Nf6 3. c4 e6 4. Nc3 Nbd7 5. Bg5 c6 6. cxd5 exd5 7. e3 Be7 8. Qc2 0-0 9. Bd3 Re8 10. Bf4 Nf8 11. h3 Ng6 12. Bh2 Bd6 13. Bxd6 Qxd6 14. 0-0-0 b5 15. Kb1 a5 16. Rc1 1/2-1/2

[Event "Zrenjanin"]
[Site "Zrenjanin"]
[Date "2012.11.29"]
[Round "6"]
[White "Lalic, Dragan"]
[Black "Ilincic, Zlatko"]
[Result "1/2-1/2"]
[WhiteElo "2287"]
[BlackElo "2437"]
[PlyCount "58"]
[EventDate "2012.11.23"]
[EventType "tourn"]
[EventRounds "9"]
[EventCountry "SRB"]
[EventCategory "3"]
[SourceTitle "EXT 2014"]
[Source "ChessBase"]
[SourceDate "2013.11.20"]
[SourceVersion "1"]
[SourceVersionDate "2013.11.20"]
[SourceQuality "1"]

1. e4 c5 2. d4 cxd4 3. c3 dxc3 4. Nxc3 e6 5. Nf3 a6 6. Bc4 Qc7 7. Qe2 Nc6 8. 0-0 Bd6 9. Bg5 Nge7 10. g3 Ng6 11. Rac1 0-0 12. Bb3 b5 13. h4 Nge5 14. Nxe5 Bxe5 15. Qg4 Kh8 16. h5 h6 17. Be3 d6 18. Rfd1 Qe7 19. f4 Bxc3 20. Rxc3 e5 21. f5 Na5 22. Rcd3 Nxb3 23. axb3 Rd8 24. b4 Bb7 25. Bb6 Rd7 26. Bc5 Rad8 27. Bb6 Rc8 28. Bc5 Rcd8 29. Bb6 Rc8 1/2-1/2

[Event "Zrenjanin"]
[Site "Zrenjanin"]
[Date "2012.11.28"]
[Round "5"]
[White "Besedes, Danilo"]
[Black "Lalic, Dragan"]
[Result "0-1"]
[WhiteElo "1858"]
[BlackElo "2287"]
[PlyCount "36"]
[EventDate "2012.11.23"]
[EventType "tourn"]
[EventRounds "9"]
[EventCountry "SRB"]
[EventCategory "3"]
[SourceTitle "EXT 2014"]
[Source "ChessBase"]
[SourceDate "2013.11.20"]
[SourceVersion "1"]
[SourceVersionDate "2013.11.20"]
[SourceQuality "1"]

1. d4 f5 2. c4 e6 3. Nf3 Nf6 4. g3 d6 5. Bg2 Be7 6. 0-0 0-0 7. b3 Qe8 8. Nbd2 Qh5 9. Qc2 Nc6 10. e4 e5 11. dxe5 dxe5 12. Bb2 f4 13. a3 Bh3 14. Bxh3 Qxh3 15. Bxe5 Ng4 16. Bb2 fxg3 17. hxg3 Bc5 18. Qd3 Rfd8 0-1

[Event "Zrenjanin"]
[Site "Zrenjanin"]
[Date "2012.11.27"]
[Round "4"]
[White "Lalic, Dragan"]
[Black "Strbac, Mladen"]
[Result "1/2-1/2"]
[WhiteElo "2287"]
[BlackElo "2236"]
[PlyCount "21"]
[EventDate "2012.11.23"]
[EventType "tourn"]
[EventRounds "9"]
[EventCountry "SRB"]
[EventCategory "3"]
[SourceTitle "EXT 2014"]
[Source "ChessBase"]
[SourceDate "2013.11.20"]
[SourceVersion "1"]
[SourceVersionDate "2013.11.20"]
[SourceQuality "1"]

1. Nf3 f5 2. d4 d5 3. Bf4 e6 4. e3 c6 5. Nbd2 Nf6 6. c4 Bd6 7. Bxd6 Qxd6 8. Be2 Nbd7 9. Qc2 Ne4 10. Nxe4 fxe4 11. Nd2 1/2-1/2

[Event "SRB-chT2 Vojvodina League"]
[Site "Kac"]
[Date "2012.10.20"]
[Round "9"]
[White "Lalic, Dragan"]
[Black "Okilj, Tigran"]
[Result "0-1"]
[WhiteElo "2321"]
[BlackElo "2089"]
[PlyCount "100"]
[EventDate "2012.10.14"]
[EventType "team-swiss"]
[EventRounds "11"]
[EventCountry "SRB"]
[SourceTitle "EXT 2015"]
[Source "ChessBase"]
[SourceDate "2014.11.20"]
[SourceVersion "1"]
[SourceVersionDate "2014.11.20"]
[SourceQuality "1"]

1. Nf3 Nf6 2. d4 g6 3. Bg5 Bg7 4. Nbd2 0-0 5. c3 d6 6. e4 Nbd7 7. Be2 e5 8. dxe5 dxe5 9. 0-0 Qe7 10. Qc2 h6 11. Bh4 g5 12. Bg3 Nh5 13. Rfe1 Nf4 14. Bf1 Nb6 15. b4 Bg4 16. h3 Bh5 17. Nh2 Rad8 18. f3 Bg6 19. a4 f5 20. Bf2 Nc8 21. exf5 Bxf5 22. Ne4 Nd6 23. Rad1 b6 24. c4 Nxe4 25. fxe4 Be6 26. c5 Rxd1 27. Rxd1 Qf7 28. Rd2 h5 29. cxb6 cxb6 30. a5 bxa5 31. bxa5 g4 32. hxg4 hxg4 33. Qc5 Qg6 34. Bg3 Qxe4 35. Qxa7 Bh6 36. Rf2 Nh5 37. Re2 Rxf1+ 38. Nxf1 Qxe2 39. Qb8+ Bf8 40. Qxe5 Nxg3 41. Qg5+ Kf7 42. Nxg3 Qd1+ 43. Nf1 Qd4+ 44. Qe3 Qxe3+ 45. Nxe3 Bc5 46. Kf2 Ke7 47. Ke2 Kd6 48. a6 Kc6 49. a7 Kb7 50. Kf2 Kxa7 0-1

[Event "SRB-chT2 Vojvodina League"]
[Site "Kac"]
[Date "2012.10.20"]
[Round "10"]
[White "Lalic, Dragan"]
[Black "Radanovic, Borislav"]
[Result "1/2-1/2"]
[WhiteElo "2321"]
[BlackElo "2244"]
[PlyCount "87"]
[EventDate "2012.10.14"]
[EventType "team-swiss"]
[EventRounds "11"]
[EventCountry "SRB"]
[SourceTitle "EXT 2015"]
[Source "ChessBase"]
[SourceDate "2014.11.20"]
[SourceVersion "1"]
[SourceVersionDate "2014.11.20"]
[SourceQuality "1"]

1. e4 d6 2. d4 g6 3. Nc3 Bg7 4. Be3 Nf6 5. f3 c6 6. Qd2 b5 7. Nge2 Nbd7 8. g4 Qa5 9. Ng3 b4 10. Nd1 c5 11. g5 Ng8 12. c3 bxc3 13. bxc3 Rb8 14. h4 h5 15. Be2 e6 16. 0-0 Ne7 17. dxc5 dxc5 18. f4 0-0 19. e5 Rd8 20. Qc2 Nf5 21. Nxf5 exf5 22. Nb2 Nb6 23. Nc4 Nxc4 24. Bxc4 Be6 25. Bxe6 fxe6 26. Rfd1 Bf8 27. c4 Qa3 28. Qf2 Rd3 29. Rxd3 Qxd3 30. Rc1 a5 31. Qd2 Qe4 32. Kf2 Be7 33. Qc2 Qc6 34. Rb1 Rd8 35. Rd1 Rxd1 36. Qxd1 Kf7 37. a4 Qe4 38. Qb3 Qh1 39. Kg3 Qe1+ 40. Bf2 Qe2 41. Kg2 Qd2 42. Kf3 Qc1 43. Kg3 Qf1 44. Qc2 1/2-1/2

[Event "Vojvodina-chT2"]
[Site "Vrbas"]
[Date "2011.10.01"]
[Round "10"]
[White "Lovre, Rajko"]
[Black "Lalic, Dragan"]
[Result "1/2-1/2"]
[WhiteElo "2221"]
[BlackElo "2308"]
[PlyCount "99"]
[EventDate "2011.09.25"]
[EventType "team-tourn"]
[EventRounds "11"]
[EventCountry "SRB"]
[SourceTitle "CBM 144 Extra"]
[Source "ChessBase"]
[SourceDate "2011.10.28"]
[SourceVersion "1"]
[SourceVersionDate "2011.10.28"]
[SourceQuality "1"]

1. Nf3 d5 2. d4 Nf6 3. g3 c5 4. c3 Nc6 5. Bg2 e6 6. 0-0 Bd6 7. Bg5 h6 8. Bxf6 Qxf6 9. Nbd2 cxd4 10. cxd4 Nxd4 11. e4 0-0 12. exd5 exd5 13. Nxd4 Qxd4 14. Rb1 Bf5 15. Nb3 Qb6 16. Rc1 Be4 17. Kh1 Rad8 18. Qd4 Qxd4 19. Nxd4 Be5 20. Rcd1 Rfe8 21. f3 Bg6 22. Rf2 Rc8 23. Bf1 a6 24. Kg2 f6 25. Rfd2 Bxd4 26. Rxd4 Rc2+ 27. R1d2 Rxd2+ 28. Rxd2 Rc8 29. Kf2 Bf7 30. Ke3 Kf8 31. Kd4 Ke7 32. Bd3 Kd6 33. Rc2 Re8 34. Re2 Rd8 35. Rc2 Be6 36. Re2 h5 37. f4 Bg4 38. Re1 h4 39. f5 hxg3 40. hxg3 Bf3 41. Re3 Bh5 42. Re6+ Kd7 43. Kc5 Kc7 44. Re7+ Rd7 45. Rxd7+ Kxd7 46. a4 Bf3 47. a5 Kc7 48. g4 Kd7 49. b4 Kc7 50. Bc2 1/2-1/2

[Event "Vojvodina-chT2"]
[Site "Vrbas"]
[Date "2011.09.28"]
[Round "5"]
[White "Lalic, Dragan"]
[Black "Skoko, Milan"]
[Result "1-0"]
[WhiteElo "2308"]
[BlackElo "2218"]
[PlyCount "79"]
[EventDate "2011.09.25"]
[EventType "team-tourn"]
[EventRounds "11"]
[EventCountry "SRB"]
[SourceTitle "CBM 144 Extra"]
[Source "ChessBase"]
[SourceDate "2011.10.28"]
[SourceVersion "1"]
[SourceVersionDate "2011.10.28"]
[SourceQuality "1"]

1. e4 c5 2. d4 cxd4 3. c3 Nf6 4. e5 Nd5 5. Bc4 Nb6 6. Bb3 d6 7. Nf3 e6 8. Bg5 Be7 9. Bxe7 Qxe7 10. cxd4 Bd7 11. Nc3 d5 12. 0-0 Nc4 13. Bxc4 dxc4 14. Qe2 Bc6 15. Nd2 b5 16. a4 bxa4 17. Nxc4 0-0 18. Nd6 Rd8 19. Nxa4 Nd7 20. Qc2 Bd5 21. Nc3 Nb6 22. Nxd5 Nxd5 23. Ra3 h5 24. f4 h4 25. f5 Qg5 26. Qf2 Rd7 27. Rh3 Rb8 28. Kh1 exf5 29. Nxf5 Rc8 30. Rf3 Rc1 31. Qxh4 Qxh4 32. Nxh4 Rxf1+ 33. Rxf1 Ne3 34. Ra1 Rxd4 35. Nf3 Rd3 36. Kg1 Rb3 37. Nd4 Rd3 38. Nc6 Nc4 39. b4 Rd5 40. Ne7+ 1-0

[Event "Vojvodina-chT 2nd League"]
[Site "Sombor"]
[Date "2010.10.13"]
[Round "4"]
[White "Radlovacki, Jovan"]
[Black "Lalic, Dragan"]
[Result "1/2-1/2"]
[WhiteElo "2407"]
[BlackElo "2331"]
[PlyCount "87"]
[EventDate "2010.10.10"]
[EventType "team-tourn"]
[EventRounds "9"]
[EventCountry "YUG"]
[SourceTitle "CBM 138 Extra"]
[Source "ChessBase"]
[SourceDate "2010.10.29"]
[SourceVersion "1"]
[SourceVersionDate "2010.10.29"]
[SourceQuality "1"]

1. e4 d6 2. d4 Nf6 3. Nc3 g6 4. h4 Bg7 5. Be2 Nc6 6. Be3 e5 7. dxe5 Nxe5 8. Qd2 h5 9. Bg5 Be6 10. Qf4 Ned7 11. f3 Qc8 12. Qd2 Ne5 13. 0-0-0 a6 14. Nh3 Nfd7 15. Nf4 Nb6 16. b3 f6 17. Nxe6 Qxe6 18. Be3 Ned7 19. a4 Qe5 20. f4 Qa5 21. Kb1 0-0 22. f5 gxf5 23. exf5 Qxf5 24. g4 hxg4 25. h5 Nc5 26. Kc1 Qe5 27. Bd4 Qg5 28. h6 Qxd2+ 29. Rxd2 Bh8 30. Bxc5 dxc5 31. a5 f5 32. h7+ Kf7 33. axb6 Bxc3 34. Rd7+ Kg6 35. bxc7 Rac8 36. Bc4 Be5 37. Bg8 f4 38. Re1 Bh8 39. Rg1 g3 40. Bd5 Be5 41. Re7 Bf6 42. Rd7 Be5 43. Re7 Bf6 44. Rd7 1/2-1/2

[Event "Vojvodina-chT"]
[Site "Sombor"]
[Date "2009.09.29"]
[Round "4"]
[White "Lalic, Dragan"]
[Black "Jotic, Vladimir"]
[Result "1/2-1/2"]
[WhiteElo "2353"]
[BlackElo "2323"]
[PlyCount "72"]
[EventDate "2009.09.27"]
[EventType "team-swiss"]
[EventRounds "11"]
[EventCountry "YUG"]
[SourceTitle "EXT 2012"]
[Source "ChessBase"]
[SourceDate "2011.11.24"]
[SourceVersion "1"]
[SourceVersionDate "2011.11.24"]
[SourceQuality "1"]

1. Nf3 d5 2. c4 e6 3. g3 Nf6 4. b3 c6 5. Bg2 Bd6 6. Bb2 0-0 7. 0-0 Nbd7 8. d4 b6 9. Nbd2 Bb7 10. Re1 Ne4 11. Nxe4 dxe4 12. Ne5 f5 13. Nxd7 Qxd7 14. e3 Qe7 15. Qc2 e5 16. dxe5 Bxe5 17. Bxe5 Qxe5 18. Rad1 Rad8 19. Rxd8 Rxd8 20. Rd1 Rd6 21. Qe2 c5 22. Rd2 Bc6 23. Qd1 Rxd2 24. Qxd2 Qf6 25. Bf1 a5 26. a3 Kf7 27. b4 axb4 28. axb4 cxb4 29. Qxb4 Bd7 30. Qd2 Qc6 31. Qd4 Be6 32. h4 Qc5 33. Qd8 Bxc4 34. Qd7+ Kf6 35. Qd8+ Kf7 36. Bxc4+ Qxc4 1/2-1/2

[Event "Vojvodina-chT"]
[Site "Sombor"]
[Date "2009.09.28"]
[Round "3"]
[White "Nestorovic, Nikola"]
[Black "Lalic, Dragan"]
[Result "1-0"]
[WhiteElo "2412"]
[BlackElo "2353"]
[PlyCount "87"]
[EventDate "2009.09.27"]
[EventType "team-swiss"]
[EventRounds "11"]
[EventCountry "YUG"]
[SourceTitle "EXT 2012"]
[Source "ChessBase"]
[SourceDate "2011.11.24"]
[SourceVersion "1"]
[SourceVersionDate "2011.11.24"]
[SourceQuality "1"]

1. e4 c5 2. Nf3 Nc6 3. d4 cxd4 4. Nxd4 g6 5. Nc3 Bg7 6. Be3 Nf6 7. Bc4 0-0 8. Bb3 a5 9. 0-0 a4 10. Nxa4 Nxe4 11. Nb5 d6 12. Qe2 Nf6 13. c4 Bg4 14. f3 Bd7 15. Bb6 Qc8 16. Bf2 Ra6 17. Rac1 Na5 18. Nb6 Qc6 19. Nxd7 Nxd7 20. Qxe7 Nc5 21. Rcd1 Ncxb3 22. axb3 Nxb3 23. Nxd6 b6 24. Qe3 Qa4 25. Rd3 Na5 26. b3 Qa2 27. Rfd1 Qc2 28. Re1 Nc6 29. Rd2 Qc3 30. Nb5 Qb4 31. Red1 Ra1 32. Rxa1 Bxa1 33. Ra2 Be5 34. Ra4 Qc5 35. Qxc5 bxc5 36. Bxc5 Rd8 37. g3 Rd1+ 38. Kf2 Rd2+ 39. Ke3 Rxh2 40. f4 Bb2 41. Ra6 Nd8 42. Ra8 Bc1+ 43. Kf3 Rd2 44. Bd4 1-0

[Event "Vojvodina-chT"]
[Site "Sombor"]
[Date "2008.10.08"]
[Round "11"]
[White "Vujadinovic, Goran"]
[Black "Lalic, Dragan"]
[Result "1-0"]
[WhiteElo "2363"]
[BlackElo "2367"]
[PlyCount "71"]
[EventDate "2008.10.01"]
[EventType "team-tourn"]
[EventRounds "11"]
[EventCountry "YUG"]
[SourceTitle "EXT 2010"]
[Source "ChessBase"]
[SourceDate "2010.11.25"]
[SourceVersion "1"]
[SourceVersionDate "2010.11.25"]
[SourceQuality "1"]

1. e4 c5 2. d3 Nc6 3. g3 d6 4. Bg2 e5 5. f4 g6 6. Nf3 Bg7 7. c3 Nge7 8. 0-0 0-0 9. Na3 h6 10. f5 gxf5 11. Nh4 f4 12. gxf4 Ng6 13. Nf5 Bxf5 14. exf5 Nxf4 15. Bxf4 exf4 16. Rxf4 Be5 17. Rg4+ Kh8 18. Qd2 Qf6 19. Rg6 fxg6 20. Qxh6+ Kg8 21. Bd5+ Rf7 22. fxg6 Nd8 23. Qh7+ Kf8 24. gxf7 Ne6 25. Bxe6 Qxe6 26. Rf1 Qg4+ 27. Kh1 Qg7 28. Qxg7+ Bxg7 29. Nb5 Ke7 30. Re1+ Kxf7 31. Nxd6+ Kf8 32. Nxb7 Rb8 33. Nxc5 Rxb2 34. Ne6+ Kf7 35. Nxg7 Kxg7 36. Re7+ 1-0

[Event "Vojvodina-chT"]
[Site "Pancevo"]
[Date "2007.09.30"]
[Round "9"]
[White "Lalic, Dragan"]
[Black "Stanojevic, Branko"]
[Result "1-0"]
[WhiteElo "2367"]
[BlackElo "2290"]
[PlyCount "111"]
[EventDate "2007.09.24"]
[EventType "team-tourn"]
[EventRounds "9"]
[EventCountry "SRB"]
[SourceTitle "EXT 2023"]
[Source "ChessBase"]
[SourceDate "2022.10.05"]
[SourceVersion "1"]
[SourceVersionDate "2022.10.05"]
[SourceQuality "1"]

1. Nf3 Nf6 2. g3 g6 3. Bg2 Bg7 4. 0-0 0-0 5. c4 d6 6. d4 Nc6 7. d5 Na5 8. Nfd2 c5 9. Nc3 a6 10. Rb1 Rb8 11. b3 b5 12. Qc2 Bd7 13. Bb2 bxc4 14. bxc4 Qc7 15. h3 Rb6 16. Ba1 Rfb8 17. Rxb6 Rxb6 18. Nd1 e6 19. e4 Rb8 20. Ne3 e5 21. Bc3 Bh6 22. Nd1 Nh5 23. Nb2 Rf8 24. Nd3 f5 25. Kh2 Nb7 26. Rb1 Bc8 27. Qa4 Qe7 28. Qxa6 Nf6 29. exf5 gxf5 30. Qa4 e4 31. Re1 Nd8 32. f4 Nh5 33. Nf1 Bg7 34. Bd2 Qb7 35. Nf2 Bd4 36. Nd1 Bd7 37. Qb3 Qa7 38. Nc3 Nf7 39. Nb5 Qa6 40. a4 Ra8 41. Qd1 Nf6 42. Nc7 Qxc4 43. Nxa8 Nxd5 44. a5 Qa6 45. Nb6 Nxb6 46. axb6 Qxb6 47. Qc2 d5 48. Rb1 Qc6 49. Be3 Qe6 50. Rb8+ Kg7 51. Bxd4+ cxd4 52. Qc5 d3 53. Ne3 Bc6 54. g4 fxg4 55. hxg4 Qh6+ 56. Kg3 1-0

[Event "Vojvodina-chT"]
[Site "Pancevo"]
[Date "2007.09.24"]
[Round "1"]
[White "Vlahovic, Bogdan"]
[Black "Lalic, Dragan"]
[Result "1/2-1/2"]
[WhiteElo "2367"]
[BlackElo "2367"]
[PlyCount "88"]
[EventDate "2007.09.24"]
[EventType "team-tourn"]
[EventRounds "9"]
[EventCountry "SRB"]
[SourceTitle "EXT 2023"]
[Source "ChessBase"]
[SourceDate "2022.10.05"]
[SourceVersion "1"]
[SourceVersionDate "2022.10.05"]
[SourceQuality "1"]

1. Nf3 d5 2. g3 Bg4 3. Bg2 Nd7 4. d4 e6 5. 0-0 Bd6 6. b3 Ne7 7. Nbd2 c5 8. dxc5 Nxc5 9. Bb2 0-0 10. c4 Nc6 11. cxd5 exd5 12. Nb1 Be7 13. Na3 Ne4 14. Nc2 Bf6 15. Nfd4 Bh5 16. f3 Nc5 17. Nxc6 bxc6 18. Bxf6 Qxf6 19. Rc1 Rac8 20. Nd4 Na6 21. Bh3 Rc7 22. Qd2 c5 23. Nb5 Rb7 24. Qxd5 Rxb5 25. Qxh5 Qb2 26. Rc4 Rb6 27. Qd5 Qxa2 28. Ra4 Qxe2 29. Rf2 Qe3 30. Bf1 Nb4 31. Qc4 Rd6 32. Kg2 Nd3 33. Bxd3 Rxd3 34. Rxa7 Rxb3 35. Rc7 Rc3 36. Qd5 g6 37. Qd2 Qe5 38. Rc6 Rc4 39. Re2 Qf5 40. Qb2 h5 41. Qb3 Rc1 42. Qb2 Qd3 43. Qd2 Qb5 44. Qe3 c4 1/2-1/2

[Event "Vojvodina Cup"]
[Site "Banja Junakovic"]
[Date "2007.05.01"]
[Round "5.2"]
[White "Kostic, V Vladimir"]
[Black "Lalic, Dragan"]
[Result "1/2-1/2"]
[WhiteElo "2327"]
[BlackElo "2358"]
[PlyCount "134"]
[EventDate "2007.04.28"]
[EventType "team"]
[EventRounds "5"]
[EventCountry "YUG"]
[SourceTitle "EXT 2008"]
[Source "ChessBase"]
[SourceDate "2007.11.25"]
[SourceVersion "1"]
[SourceVersionDate "2007.11.25"]
[SourceQuality "1"]

1. c4 Nf6 2. Nf3 c6 3. b3 d5 4. Bb2 Bg4 5. Ne5 Bh5 6. g3 e6 7. Bg2 Nbd7 8. 0-0 Nxe5 9. Bxe5 Bd6 10. Bb2 0-0 11. d3 Qe7 12. Nc3 d4 13. Ne4 Nxe4 14. Bxe4 f5 15. Bf3 Bxf3 16. exf3 e5 17. Qc2 c5 18. Rae1 Qf7 19. Kg2 Rae8 20. Qd1 Re6 21. Bc1 Rfe8 22. Bd2 Qh5 23. Qe2 b6 24. h3 Qf7 25. a4 Qb7 26. Qd1 h6 27. h4 a6 28. Qe2 b5 29. axb5 axb5 30. Qd1 Ra8 31. Qc2 b4 32. Re2 Bc7 33. Rfe1 Raa6 34. Bf4 Qb8 35. Bc1 Qa8 36. Bf4 Qb8 37. Bc1 Kf7 38. Qb1 Qa8 39. Qc2 Ra1 40. h5 Raa6 41. Rh1 Re7 42. Rhe1 Rae6 43. Bd2 Kg8 44. Qd1 Kh7 45. Bc1 Qe8 46. Rh1 g5 47. hxg6+ Rxg6 48. Rh4 Qc6 49. Qh1 Rf7 50. Qh3 Kg7 51. Re1 Rff6 52. Rh5 e4 53. fxe4 f4 54. g4 f3+ 55. Kh1 Bf4 56. Bxf4 Rxf4 57. Rg1 Qc8 58. Rf5 Rxf5 59. gxf5 Rxg1+ 60. Kxg1 Qa6 61. Qxf3 Kf6 62. Qf4 Qa1+ 63. Kg2 Qd1 64. Qxh6+ Ke7 65. Qe6+ Kf8 66. f6 Qf3+ 67. Kh2 Qg2+ 1/2-1/2

[Event "Vojvodina Cup"]
[Site "Banja Junakovic"]
[Date "2007.04.30"]
[Round "4.1"]
[White "Lalic, Dragan"]
[Black "Pezelj, Novak"]
[Result "1-0"]
[WhiteElo "2358"]
[BlackElo "2276"]
[PlyCount "95"]
[EventDate "2007.04.28"]
[EventType "team"]
[EventRounds "5"]
[EventCountry "YUG"]
[SourceTitle "EXT 2008"]
[Source "ChessBase"]
[SourceDate "2007.11.25"]
[SourceVersion "1"]
[SourceVersionDate "2007.11.25"]
[SourceQuality "1"]

1. Nf3 Nf6 2. g3 g6 3. Bg2 Bg7 4. c4 0-0 5. 0-0 d6 6. d4 Nbd7 7. Nc3 e5 8. Qc2 Re8 9. Rd1 c6 10. b3 a6 11. e4 Qc7 12. Ba3 Bf8 13. Rac1 Qa5 14. Nb1 exd4 15. Rxd4 Qh5 16. Bxd6 Bxd6 17. Rxd6 Nxe4 18. Rd4 Ndf6 19. Nc3 Bf5 20. Nxe4 Bxe4 21. Qc3 Re6 22. h3 c5 23. Rd2 Qh6 24. Re1 g5 25. Rde2 Rae8 26. Qd2 Bxf3 27. Bxf3 Rxe2 28. Rxe2 Rxe2 29. Qxe2 b6 30. Qe5 Kg7 31. Bg4 a5 32. Kg2 Kf8 33. Bf5 Ng8 34. Qh8 Qc6+ 35. Kg1 Qf6 36. Qxh7 a4 37. bxa4 Qb2 38. Bc2 Qxa2 39. Qd3 Nf6 40. Qb3 Qxb3 41. Bxb3 Ne4 42. Bc2 Nd2 43. Bd3 Nf3+ 44. Kf1 Ke7 45. Ke2 Ng1+ 46. Ke3 Nxh3 47. Bf5 g4 48. f4 1-0

[Event "Vojvodina Cup"]
[Site "Banja Junakovic"]
[Date "2007.04.29"]
[Round "3.1"]
[White "Pavlik, Goran"]
[Black "Lalic, Dragan"]
[Result "0-1"]
[WhiteElo "2173"]
[BlackElo "2358"]
[PlyCount "90"]
[EventDate "2007.04.28"]
[EventType "team"]
[EventRounds "5"]
[EventCountry "YUG"]
[SourceTitle "EXT 2008"]
[Source "ChessBase"]
[SourceDate "2007.11.25"]
[SourceVersion "1"]
[SourceVersionDate "2007.11.25"]
[SourceQuality "1"]

1. e4 d6 2. d4 g6 3. Nf3 Nf6 4. Nc3 Bg7 5. h3 0-0 6. Bc4 Nxe4 7. Nxe4 d5 8. Bd3 dxe4 9. Bxe4 c5 10. c3 cxd4 11. cxd4 Nd7 12. 0-0 Nf6 13. Bc2 b6 14. Bf4 Bb7 15. Be5 Rc8 16. Bb3 e6 17. Qd3 Bh6 18. Rad1 Nd5 19. Rfe1 Qe7 20. Bg3 Nb4 21. Qe2 Bd5 22. Bxd5 Nxd5 23. Qe4 Qb4 24. Re2 Qa4 25. Qb1 Qc4 26. Rde1 Nb4 27. a3 Nc2 28. Ne5 Qb3 29. Rd1 Nxd4 30. Re4 Nf5 31. Rb4 Qc2 32. Qxc2 Rxc2 33. Nd7 Nxg3 34. Nxf8 Bxf8 35. Rb3 Ne4 36. f3 Nf6 37. a4 Nd5 38. Kh1 a5 39. Re1 Bd6 40. Rd1 h5 41. Re1 Kg7 42. Rd1 h4 43. Re1 g5 44. Rd1 Bc5 45. Rb1 Nf4 0-1